000 01665nam a2200313 a 4500
003 BLK
005 20240925140005.0
008 181220b bu |||gr|||| 00| 0 bu d
020 _a9786197717150
040 _aBLK
041 _aBUL
_cBUL
080 _aНационалноосвободителното движение в България (1856-1877)
_b94(497.2)"1856/1877"
_z94(497.2)"1856/1877"(092)
080 _aСъби Стойков Попович. Български революционер и възрожденец, революционен демократ, публицист, журналист, историк и етнограф
_b929 Раковски, Георги Сава
_z929 Раковски, Георги Сава
100 _9336046
_aКараиванов, Никола Борисов
_eпърви автор
139 _aКараиванов, Никола Борисов
_bР 31
245 _aГеорги Раковски и българите от Бесарабия, Одеса и Банат
_cНикола Караиванов
250 _a2. прераб. и доп. изд.
257 _aBGR
260 _9210365
_aСофия
_bОгледало
_c2024
_n978-954-8041- ; 954-90553- ; 954-90846-
300 _a391 с.
_c24 см
380 _a9
500 _a1. изд. 2021
600 0 _9253733
_aРаковски, Георги Стойков
650 0 _9246435
_aВъзрожденци, български
650 0 _9336048
_aМалцинства, български - Украйна
650 7 _9161070
_aМалцинства, български - Молдова
856 _i0.00
_ldisable
942 _cKNG
_n0
_s1
999 _c517680
_d517680
944 _a30545
_cНора Радева
_k30545
_lНора Радева